| 000 | 00431nam a2200157Ia 4500 | ||
|---|---|---|---|
| 008 | 230312s9999||||xx |||||||||||||| ||und|| | ||
| 020 | _a0-471-26314-1 | ||
| 082 |
_a004.25 _bSIL-A |
||
| 100 | _aSilberschatz Abraham | ||
| 245 | 0 | _aApplied Operating System Concepts | |
| 260 |
_bJohn Wiley _aUSA _c2003 |
||
| 300 | _a945 | ||
| 546 | _aEng. | ||
| 650 |
_aComputer _vIntroduction , Computer System Structures , Deadlocks |
||
| 942 | _cBK | ||
| 999 |
_c3471 _d3471 |
||